| 000 -GUIDE |
| Champ de contrôle de longueur fixe |
00706nam a22002057a 4500 |
| 003 - IDENTITÉ DU NUMÉRO DE CONTRÔLE |
| Champ de contrôle |
BI-BuBU |
| 008 - ÉLÉMENTS DE LONGUEUR FIXE - RENSEIGNEMENTS GÉNÉRAUX |
| Champ de contrôle de longueur fixe |
100526s xxu||||dr|||| 00| 0 fre d |
| 020 ## - INTERNATIONAL STANDARD BOOK NUMBER |
| ISBN |
9211512522 |
| 039 ## - NIVEAU DE CONTRÔLE BIBLIOGRAPHIQUE ET HISTORIQUE D'ENCODAGE [OBSOLETE] |
| Date creation |
an |
| 040 ## - SOURCE DU CATALOGAGE |
| Organisme qui a effectué le catalogage original |
BI-BuBU |
| Code de la langue utilisée dans le catalogage |
fre |
| Organisme qui a effectué la transcription |
BI-BuBU |
| 080 ## - INDICE DE LA CLASSIFICATION DÉCIMALE UNIVERSELLE (CDU) |
| Indice de la Classification décimale universelle |
312. |
| 110 ## - VEDETTE PRINCIPALE - NOM DE COLLECTIVITÉ |
| Nom de la collectivité ou nom de lieu comme élément de classement |
Nations Unies |
| Collectivité subordonnée |
Proceedings |
| Lieu de collectivité |
New York |
| Date of meeting or treaty signing |
1992 |
| 9 (RLIN) |
21973 |
| 245 ## - MENTION DU TITRE |
| Titre |
Population policies and programmes |
| Reste du titre |
proceedings |
| Mention de responsabilité, etc. |
[held at] Cairo, Egypt, 12-16 April 1992 |
| 260 ## - PUBLICATION, DIFFUSION, ETC. (ADRESSE BIBLIOGRAPHIQUE) |
| Lieu de publication, diffusion, etc. |
New York |
| Nom de l'éditeur, diffuseur, etc. |
United Nations |
| Date of publication, distribution, etc |
1993 |
| 300 ## - DESCRIPTION MATÉRIELLE |
| Collation |
X-267 p. |
| Autres caractéristiques matérielles |
couv. ill. |
| Dimensions |
28 cm. |
| 650 #7 - VEDETTE-MATIÈRE - NOM COMMUN |
| Vedette de sujet ou vedette comportant un nom géographique |
Population. Evolution |
| 9 (RLIN) |
21974 |
| 942 ## - ÉLÉMENTS D'ENTRÉE ADDITIONNELLE (KOHA) |
| Source de la classification ou du système de rangement |
|
| Type d item koha |
BOOK |